Estadísticas para Geografía Europea #3

Haz click aquí para intentar la prueba.

Estadísticas generales

  • Esta prueba ha sido intentada 1.039 veces
  • La puntuación promedio es 12 de 20

Estadísticas de respuestas

PreguntaRespuesta% Correcto
¿Cuál es la capital de Irlanda?Dublín
98%
¿Cuál es la lengua oficial de los Países Bajos?Neerlandés
96%
Además de Chipre, ¿qué otro país insular se encuentra en el Mediterráneo?Malta
88%
Alfabéticamente, ¿cuál es el primer país de Europa?Albania
80%
¿En qué país se encuentra el volcán Eyjafjallajökull?Islandia
74%
¿Qué mar se encuentra en el extremo oriental del Bósforo?Mar Negro
70%
¿Cuál es la ciudad costera más poblada de Francia?Marsella
69%
¿Qué son el Ponte Vecchio y el Pont Neuf?Puentes
63%
¿Qué cadena de islas del Atlántico estaba deshabitada antes de
ser colonizada por los portugueses en el siglo XIV?
Azores
60%
¿Cuáles son las ciudades más grandes de Europa cuyos nombres terminan en "burgo"?Hamburgo
60%
¿De qué isla griega proceden las "lesbianas"?Lesbos
58%
¿En qué ciudad inglesa encontraría una famosa calle llamada Penny Lane?Liverpool
58%
¿Cuál es el nombre en español de la ciudad de København?Copenhague
56%
¿Qué cadena montañosa, que empieza por C, ocupa gran parte del país de Rumanía?Cárpatos
54%
¿Cuál es el aeropuerto más concurrido de París?Charles de Gaulle
53%
Después del inglés, ¿qué lengua tiene más hablantes en el Reino Unido?Polaco o Escocés
52%
¿Cuáles son las ciudades más grandes de Europa cuyos nombres terminan en "burgo"?San Petersburgo
35%
¿Cómo se llama la red de autopistas de Alemania?Autobahn
32%
¿Qué región, que empieza por T, incluye partes de Bulgaria, Grecia y Turquía?Tracia
23%
¿Qué isla de Croacia tiene un nombre de sólo tres letras, sin vocales?Krk
17%

Distribución de puntuación

Porcentaje por número respondido

Porcentaje de gente con cada puntuación

Historial de tus puntuaciones

No has intentado esta prueba.